000 00556nam a2200181Ia 4500
999 _c837
_d837
003 OSt
005 20201230104503.0
008 190216s9999||||xx |||||||||||||| ||und||
020 _a9788187570776
040 _coclc
082 _a492.782
_bRAH/L
100 _aRahman, Syed Azizur
_92380
245 0 _aLet`s Speak Arabic :
_bLearn Arabic Conversation In Just One Week /
_cSyed Azizur Rahman
260 _bGood Word Books,
_c2007.
_aNew Delhi:
300 _a206p
650 _aArabic
942 _cBK
_2ddc
_h492.782
_iRAH/L
_k492.782
_mRAH/L